书目信息 |
| 题名: |
空间电荷光学导论
|
|
| 作者: | 纳吉 , Nzgy , 西拉支 , Szilagyi 著 ;莫元龙 等译 | |
| 分册: | ||
| 出版信息: | 北京 科学出版社 1983 |
|
| 页数: | 365页 | |
| 开本: | 25cm | |
| 丛书名: | ||
| 单 册: | ||
| 中图分类: | O463 | |
| 科图分类: | ||
| 主题词: | 空间电荷-光学 , 光学-空间电荷 | |
| 电子资源: | ||
| ISBN: | ||
| 000 | 00972nam0 2200325 45 | |
| 001 | 0183011950 | |
| 005 | 20040701153252.4 | |
| 010 | @dCNY3.70 | |
| 091 | @a15031.523 | |
| 100 | @a19950929d1983 emky0chiy0121 ea | |
| 101 | 1 | @achi@ceng |
| 102 | @aCN@b110000 | |
| 105 | @ay z 000yy | |
| 106 | @ar | |
| 200 | 10 | @a空间电荷光学导论@Akong jian dian he guang xue dao lun@f()纳吉(G.A.Nzgy), 西拉支(M.Szilagyi)著@g莫元龙等译 |
| 210 | @a北京@c科学出版社@d1983 | |
| 215 | @a365页@d25cm | |
| 300 | @a书名原文:Introduction to the theory of space-charge | |
| 510 | 1 | @aIntroduction to the theory of space-charge@zeng |
| 606 | @a空间电荷-光学 | |
| 606 | @a光学-空间电荷 | |
| 690 | @aO463@v3 | |
| 701 | 1 | @a纳吉@Ana ji@4著 |
| 701 | A1 | @aNzgy@bG.A.@4著 |
| 701 | 1 | @a西拉支@Axi la zhi@4著 |
| 701 | A1 | @aSzilagyi@bM.@4著 |
| 702 | 0 | @a莫元龙@Amo yuan long@4等译 |
| 801 | 0 | @aCN@b上海图书馆@c20040701 |
| 801 | 2 | @aCN@bNLC@c20040701 |
| 905 | @f1@b97943@dO463@e2 | |
| 空间电荷光学导论/()纳吉(G.A.Nzgy), 西拉支(M.Szilagyi)著/莫元龙等译.-北京:科学出版社,1983 |
| 365页;25cm |
| 书名原文:Introduction to the theory of space-charge |
| ISBN :CNY3.70 |
| ● |
| 相关链接 |
|
|
|
|
正题名:空间电荷光学导论
索取号:O463/2
 
预约/预借
| 序号 | 登录号 | 条形码 | 馆藏地/架位号 | 状态 | 备注 |
| 1 | 0097943 | 001941340 | 第三借阅区/ [索取号:O463/2] | 在馆 | |
| 2 | 0097944 | 001454571 | 第二样本阅览室/ [索取号:O463/2] | 在馆 |